Welcome to CU Library Online Public Access Catalogue (OPAC)

THE HOLY BIBLE ; (Record no. 7127)

MARC details
000 -LEADER
fixed length control field 00385nam a22001217a 4500
005 - DATE AND TIME OF LATEST TRANSACTION
control field 20250723174517.0
008 - FIXED-LENGTH DATA ELEMENTS--GENERAL INFORMATION
fixed length control field 250723b |||||||| |||| 00| 0 eng d
050 ## - LIBRARY OF CONGRESS CALL NUMBER
Classification number REF BS185
Item number HOL
245 ## - TITLE STATEMENT
Title THE HOLY BIBLE ;
Remainder of title NEW INTERNATIONAL VERSION CONTAINING THE OLD TESTAMENT AND THE NEW TESTAMENT
260 ## - PUBLICATION, DISTRIBUTION, ETC.
Place of publication, distribution, etc. MICHIGAN
Name of publisher, distributor, etc. ZONDERVAN BIBLE PUBLISHERS
Date of publication, distribution, etc. c1978
300 ## - PHYSICAL DESCRIPTION
Extent 946p
942 ## - ADDED ENTRY ELEMENTS (KOHA)
Source of classification or shelving scheme Library of Congress Classification
Koha item type Books
Suppress in OPAC No
999 ## -
-- 7127
-- 7127
Holdings
Withdrawn status Lost status Source of classification or shelving scheme Damaged status Not for loan Collection Home library Current library Shelving location Date acquired Total checkouts Full call number Barcode Date last seen Copy number Price effective from Koha item type
    Library of Congress Classification     Reference Undergraduate Library (Christ Temple) Undergraduate Library (Christ Temple) General stacks 07/23/2025   REF BS185 HOL ulct00004102 07/23/2025 1 07/23/2025 Books
© 2023-2024 Copyright: Central University Libraries. All Rights Reserved | Created by: Mahone Tech Office